[Event "Women's Baku Chess Olympiad"]
[Site "chess24.com"]
[Date "2016.09.08"]
[Round "6"]
[White "Lee, Seyeon"]
[Black "Alkaseir, Roaa"]
[Result "1/2-1/2"]
[Board "2"]
[WhiteID "13204149"]
[WhiteElo "1577"]
[WhiteCountry "KOR"]
[WhiteFideId "13204149"]
[WhiteEloChange "3"]
[BlackID "7602847"]
[BlackElo "1674"]
[BlackCountry "SYR"]
[BlackFideId "7602847"]
[BlackEloChange "-3"]

1. e4 {[%clk 1:30:54]} c5 {[%clk 1:30:46]} 2. Nf3 {[%clk 1:30:38]} d6 {[%clk
1:31:10]} 3. d4 {[%clk 1:30:27]} cxd4 {[%clk 1:31:34]} 4. Nxd4 {[%clk 1:30:24]}
a6 {[%clk 1:31:56]} 5. c4 {[%clk 1:24:25]} Nf6 {[%clk 1:32:11]} 6. Nc3 {[%clk
1:22:52]} e6 {[%clk 1:29:51]} 7. Be2 {[%clk 1:20:43]} Nbd7 {[%clk 1:24:11]} 8.
O-O {[%clk 1:14:13]} Nc5 {[%clk 1:23:27]} 9. Qc2 {[%clk 1:10:01]} Qc7 {[%clk
1:22:34]} 10. Kh1 {[%clk 1:07:07]} b6 {[%clk 1:22:02]} 11. f4 {[%clk 1:00:34]}
Bb7 {[%clk 1:21:58]} 12. Bf3 {[%clk 0:56:45]} Be7 {[%clk 1:20:46]} 13. Be3 {[%clk
0:51:44]} Rc8 {[%clk 1:15:42]} 14. Rac1 {[%clk 0:49:58]} h5 {[%clk 1:12:58]} 15.
f5 {[%clk 0:28:09]} Ng4 {[%clk 1:06:44]} 16. Bg1 {[%clk 0:22:36]} Bg5 {[%clk
0:52:22]} 17. Rce1 {[%clk 0:20:22]} Qe7 {[%clk 0:34:59]} 18. Na4 {[%clk 0:12:47]}
e5 {[%clk 0:16:40]} 19. Nxb6 {[%clk 0:07:09]} exd4 {[%clk 0:16:02]} 20. Nxc8
{[%clk 0:07:14]} Bxc8 {[%clk 0:16:14]} 21. Bxd4 {[%clk 0:07:01]} Bf6 {[%clk
0:12:51]} 22. Bc3 {[%clk 0:03:42]} Be5 {[%clk 0:12:28]} 23. h3 {[%clk 0:02:15]}
Qh4 {[%clk 0:12:28]} 24. Bxe5 {[%clk 0:02:10]} dxe5 {[%clk 0:07:01]} 25. Qc3
{[%clk 0:00:47]} Qg3 {[%clk 0:04:50]} 26. Bxg4 {[%clk 0:00:49]} Qxc3 {[%clk
0:05:07]} 27. bxc3 {[%clk 0:01:04]} hxg4 {[%clk 0:05:33]} 28. Re3 {[%clk
0:00:42]} Bb7 {[%clk 0:05:09]} 29. Rfe1 {[%clk 0:00:55]} gxh3 {[%clk 0:04:34]}
30. Rxh3 {[%clk 0:00:48]} Rxh3+ {[%clk 0:04:51]} 31. gxh3 {[%clk 0:01:15]} Bxe4+
{[%clk 0:04:20]} 32. Kg1 {[%clk 0:01:01]} Ke7 {[%clk 0:04:32]} 33. Rd1 {[%clk
0:00:43]} Na4 {[%clk 0:02:57]} 34. Rc1 {[%clk 0:00:41]} Bxf5 {[%clk 0:03:15]} 35.
h4 {[%clk 0:00:48]} e4 {[%clk 0:03:11]} 36. Kf2 {[%clk 0:01:03]} Nc5 {[%clk
0:02:59]} 37. Ke3 {[%clk 0:01:07]} Be6 {[%clk 0:01:26]} 38. Kd4 {[%clk 0:00:52]}
Nd3 {[%clk 0:01:06]} 39. Rb1 {[%clk 0:01:06]} f5 {[%clk 0:01:22]} 40. Rb6 {[%clk
0:31:04]} Bc8 {[%clk 0:30:50]} 41. Rc6 {[%clk 0:27:58]} Bd7 {[%clk 0:23:14]} 42.
Rg6 {[%clk 0:21:49]} Kf7 {[%clk 0:21:56]} 43. Rxa6 {[%clk 0:20:28]} f4 {[%clk
0:08:22]} 44. Ra7 {[%clk 0:15:22]} Nc5 {[%clk 0:00:43]} 45. Ra5 {[%clk 0:08:14]}
e3 {[%clk 0:00:39]} 46. Rxc5 {[%clk 0:07:15]} e2 {[%clk 0:00:55]} 47. Re5 {[%clk
0:04:01]} f3 {[%clk 0:01:16]} 48. Kd3 {[%clk 0:03:18]} Bh3 {[%clk 0:00:37]} 49.
Rxe2 {[%clk 0:00:51]} Bf1 {[%clk 0:00:56]} 50. Kd2 {[%clk 0:00:53]} fxe2 {[%clk
0:00:52]} 51. c5 {[%clk 0:00:41]} Kg6 {[%clk 0:00:41]} 52. c6 {[%clk 0:00:42]}
e1Q+ {[%clk 0:00:39]} 53. Kxe1 {[%clk 0:01:05]} Ba6 {[%clk 0:01:05]} 54. Kf2
{[%clk 0:01:15]} Kf5 {[%clk 0:01:12]} 55. Kf3 {[%clk 0:01:15]} Ke5 {[%clk
0:00:44]} 56. Kg4 {[%clk 0:01:23]} Kd6 {[%clk 0:00:41]} 57. Kg5 {[%clk 0:01:40]}
Bd3 {[%clk 0:00:40]} 58. h5 {[%clk 0:01:59]} Kxc6 {[%clk 0:01:03]} 59. h6 {[%clk
0:01:45]} gxh6+ {[%clk 0:01:28]} 60. Kxh6 {[%clk 0:02:03]} 1/2-1/2

[Event "Women's Baku Chess Olympiad"]
[Site "chess24.com"]
[Date "2016.09.08"]
[Round "6"]
[White "Steil-Antoni, Fiona"]
[Black "Al-Rufaye, Iman Hasan Mohammed"]
[Result "1-0"]
[Board "1"]
[WhiteID "4001249"]
[WhiteElo "2159"]
[WhiteTitle "WIM"]
[WhiteCountry "LUX"]
[WhiteFideId "4001249"]
[WhiteEloChange "6"]
[BlackID "4801067"]
[BlackElo "2001"]
[BlackTitle "WIM"]
[BlackCountry "IRQ"]
[BlackFideId "4801067"]
[BlackEloChange "-6"]

1. e4 {[%clk 1:30:57]} e5 {[%clk 1:30:55]} 2. Bc4 {[%clk 1:31:17]} Nc6 {[%clk
1:30:53]} 3. Nc3 {[%clk 1:31:13]} Nf6 {[%clk 1:28:42]} 4. d3 {[%clk 1:31:32]} Bc5
{[%clk 1:28:22]} 5. f4 {[%clk 1:31:30]} d6 {[%clk 1:28:03]} 6. Nf3 {[%clk
1:31:34]} Bg4 {[%clk 1:09:36]} 7. Na4 {[%clk 1:28:38]} Nd4 {[%clk 0:44:08]} 8.
Nxc5 {[%clk 1:24:08]} dxc5 {[%clk 0:44:31]} 9. c3 {[%clk 1:02:59]} Nxf3+ {[%clk
0:39:32]} 10. gxf3 {[%clk 1:02:55]} Nxe4 {[%clk 0:39:24]} 11. O-O {[%clk
0:41:46]} Bh3 {[%clk 0:18:51]} 12. fxe4 {[%clk 0:41:34]} Bxf1 {[%clk 0:16:02]}
13. Qxf1 {[%clk 0:42:02]} exf4 {[%clk 0:16:24]} 14. Bxf4 {[%clk 0:39:58]} O-O
{[%clk 0:16:07]} 15. Qg2 {[%clk 0:38:48]} Kh8 {[%clk 0:14:45]} 16. Kh1 {[%clk
0:37:04]} c6 {[%clk 0:11:30]} 17. Rg1 {[%clk 0:35:33]} Qf6 {[%clk 0:11:43]} 18.
Bd6 {[%clk 0:35:00]} b5 {[%clk 0:09:14]} 19. Bxf8 {[%clk 0:32:05]} Rxf8 {[%clk
0:09:34]} 20. Bb3 {[%clk 0:32:23]} a5 {[%clk 0:09:48]} 21. Bd1 {[%clk 0:28:42]}
g6 {[%clk 0:09:07]} 22. Rf1 {[%clk 0:26:59]} Qe6 {[%clk 0:08:38]} 23. Qf2 {[%clk
0:25:09]} c4 {[%clk 0:05:38]} 24. Qf6+ {[%clk 0:19:50]} Qxf6 {[%clk 0:05:54]} 25.
Rxf6 {[%clk 0:20:18]} cxd3 {[%clk 0:06:13]} 26. Rxc6 {[%clk 0:19:53]} Re8 {[%clk
0:01:56]} 27. Rd6 {[%clk 0:18:33]} Rxe4 {[%clk 0:02:08]} 28. Rxd3 {[%clk
0:18:45]} f5 {[%clk 0:02:09]} 29. Kg2 {[%clk 0:18:52]} h6 {[%clk 0:02:00]} 30.
Bf3 {[%clk 0:18:51]} Rh4 {[%clk 0:01:41]} 31. Rd5 {[%clk 0:16:18]} b4 {[%clk
0:01:48]} 32. Rxa5 {[%clk 0:12:35]} bxc3 {[%clk 0:02:05]} 33. bxc3 {[%clk
0:12:54]} Kg7 {[%clk 0:02:17]} 34. Rd5 {[%clk 0:09:51]} Ra4 {[%clk 0:01:48]} 35.
Rd2 {[%clk 0:10:06]} g5 {[%clk 0:02:02]} 36. h3 {[%clk 0:09:50]} g4 {[%clk
0:00:55]} 37. hxg4 {[%clk 0:09:44]} fxg4 {[%clk 0:01:21]} 38. Bd1 {[%clk
0:09:45]} Rc4 {[%clk 0:01:15]} 39. Rd4 {[%clk 0:09:17]} Rxc3 {[%clk 0:01:29]} 40.
Rxg4+ {[%clk 0:39:36]} Kf6 {[%clk 0:31:47]} 41. a4 {[%clk 0:38:50]} Ra3 {[%clk
0:26:48]} 42. Bf3 {[%clk 0:26:02]} Ra2+ {[%clk 0:22:36]} 43. Kg3 {[%clk 0:26:10]}
Ra3 {[%clk 0:20:47]} 44. Rh4 {[%clk 0:21:26]} Kg7 {[%clk 0:09:47]} 45. Kf2 {[%clk
0:20:56]} Ra2+ {[%clk 0:09:52]} 46. Be2 {[%clk 0:21:15]} Kg6 {[%clk 0:09:34]} 47.
Rb4 {[%clk 0:19:04]} Kf6 {[%clk 0:09:28]} 48. Rb6+ {[%clk 0:16:20]} Kg7 {[%clk
0:06:24]} 49. Rb7+ {[%clk 0:14:47]} Kf6 {[%clk 0:06:43]} 50. Ra7 {[%clk 0:14:02]}
h5 {[%clk 0:06:54]} 51. a5 {[%clk 0:13:31]} h4 {[%clk 0:07:04]} 52. a6 {[%clk
0:13:24]} Kg6 {[%clk 0:06:24]} 53. Rb7 {[%clk 0:12:01]} Kg5 {[%clk 0:04:32]} 54.
Rb5+ {[%clk 0:09:32]} Kf6 {[%clk 0:04:42]} 55. Rb4 {[%clk 0:09:23]} Ke7 {[%clk
0:04:16]} 56. Rxh4 {[%clk 0:09:30]} Kd6 {[%clk 0:04:38]} 57. Rh7 {[%clk 0:07:23]}
Kc5 {[%clk 0:03:25]} 58. Ke3 {[%clk 0:07:27]} Ra3+ {[%clk 0:03:26]} 59. Bd3
{[%clk 0:07:45]} Kc6 {[%clk 0:01:21]} 60. Kd4 {[%clk 0:07:52]} Ra4+ {[%clk
0:01:06]} 61. Bc4 {[%clk 0:08:08]} Rb4 {[%clk 0:00:57]} 62. a7 {[%clk 0:06:47]}
Kb6 {[%clk 0:00:41]} 63. a8R {[%clk 0:05:42]} 1-0

[Event "Women's Baku Chess Olympiad"]
[Site "chess24.com"]
[Date "2016.09.08"]
[Round "6"]
[White "Al-Fayyadh, Zainab Asif Abdulah"]
[Black "Kremer, Nadine"]
[Result "0-1"]
[Board "4"]
[WhiteID "4806476"]
[WhiteElo "1703"]
[WhiteCountry "IRQ"]
[WhiteFideId "4806476"]
[WhiteEloChange "-6"]
[BlackID "4002970"]
[BlackElo "1844"]
[BlackCountry "LUX"]
[BlackFideId "4002970"]
[BlackEloChange "6"]

1. e4 {[%clk 1:30:58]} Nf6 {[%clk 1:30:52]} 2. Nc3 {[%clk 1:31:22]} d5 {[%clk
1:31:13]} 3. exd5 {[%clk 1:31:40]} Nxd5 {[%clk 1:31:35]} 4. Bc4 {[%clk 1:31:47]}
Nb6 {[%clk 1:30:49]} 5. Bb3 {[%clk 1:32:07]} Nc6 {[%clk 1:30:59]} 6. Nge2 {[%clk
1:28:50]} e5 {[%clk 1:23:37]} 7. d3 {[%clk 1:24:52]} Bg4 {[%clk 1:15:18]} 8. Be3
{[%clk 1:13:14]} Nd4 {[%clk 1:09:01]} 9. Bxd4 {[%clk 1:03:48]} exd4 {[%clk
1:09:05]} 10. Ne4 {[%clk 1:02:41]} f5 {[%clk 1:01:20]} 11. f3 {[%clk 0:52:25]}
Bxf3 {[%clk 0:58:18]} 12. gxf3 {[%clk 0:52:04]} fxe4 {[%clk 0:58:42]} 13. fxe4
{[%clk 0:51:01]} Qh4+ {[%clk 0:55:51]} 14. Ng3 {[%clk 0:48:53]} Bb4+ {[%clk
0:53:43]} 15. Kf2 {[%clk 0:41:57]} g6 {[%clk 0:43:35]} 16. Kg2 {[%clk 0:34:49]}
O-O-O {[%clk 0:41:44]} 17. Be6+ {[%clk 0:32:38]} Kb8 {[%clk 0:41:55]} 18. Qg4
{[%clk 0:31:47]} Qe7 {[%clk 0:31:57]} 19. a3 {[%clk 0:21:49]} h5 {[%clk 0:21:34]}
20. Qd1 {[%clk 0:08:39]} Bd6 {[%clk 0:14:51]} 21. Bh3 {[%clk 0:08:19]} Qg5 {[%clk
0:15:08]} 22. Kf1 {[%clk 0:05:26]} Rdf8+ {[%clk 0:07:01]} 23. Nf5 {[%clk
0:03:48]} gxf5 {[%clk 0:07:04]} 24. Bxf5 {[%clk 0:03:40]} Rxf5+ {[%clk 0:05:43]}
25. exf5 {[%clk 0:03:57]} Qxf5+ {[%clk 0:06:08]} 0-1

[Event "Women's Baku Chess Olympiad"]
[Site "chess24.com"]
[Date "2016.09.08"]
[Round "6"]
[White "Dekic, Biljana N"]
[Black "Johnson, Gabriella"]
[Result "0-1"]
[Board "3"]
[WhiteID "3200493"]
[WhiteElo "2064"]
[WhiteTitle "WIM"]
[WhiteCountry "AUS"]
[WhiteFideId "3200493"]
[WhiteEloChange "-17"]
[BlackID "7701128"]
[BlackElo "1794"]
[BlackTitle "WCM"]
[BlackCountry "TTO"]
[BlackFideId "7701128"]
[BlackEloChange "17"]

1. e4 {[%clk 1:30:56]} c5 {[%clk 1:30:53]} 2. Nf3 {[%clk 1:31:13]} d6 {[%clk
1:31:11]} 3. d4 {[%clk 1:31:34]} cxd4 {[%clk 1:31:35]} 4. Nxd4 {[%clk 1:32:01]}
Nf6 {[%clk 1:31:58]} 5. Nc3 {[%clk 1:32:27]} g6 {[%clk 1:32:24]} 6. Be3 {[%clk
1:31:32]} Bg7 {[%clk 1:32:48]} 7. f3 {[%clk 1:31:48]} O-O {[%clk 1:33:11]} 8. Qd2
{[%clk 1:31:59]} Nc6 {[%clk 1:33:33]} 9. O-O-O {[%clk 1:31:59]} d5 {[%clk
1:33:45]} 10. Kb1 {[%clk 1:19:22]} Nxd4 {[%clk 1:27:03]} 11. Bxd4 {[%clk
1:18:58]} dxe4 {[%clk 1:24:43]} 12. Bxf6 {[%clk 1:16:09]} Qxd2 {[%clk 1:23:25]}
13. Rxd2 {[%clk 1:16:36]} Bxf6 {[%clk 1:22:34]} 14. Nxe4 {[%clk 1:17:02]} Bg7
{[%clk 1:22:12]} 15. Bc4 {[%clk 1:16:45]} b5 {[%clk 1:20:16]} 16. Bxb5 {[%clk
1:08:01]} Rb8 {[%clk 1:20:26]} 17. c4 {[%clk 1:08:15]} a6 {[%clk 1:19:03]} 18.
Ba4 {[%clk 1:07:30]} Be6 {[%clk 1:18:48]} 19. Bb3 {[%clk 1:07:15]} Rfc8 {[%clk
1:17:21]} 20. Rc2 {[%clk 1:04:55]} a5 {[%clk 1:16:08]} 21. Rd1 {[%clk 0:58:46]}
Rb4 {[%clk 1:13:29]} 22. Rcd2 {[%clk 0:57:04]} Be5 {[%clk 0:59:42]} 23. Rd8+
{[%clk 0:54:26]} Rxd8 {[%clk 1:00:05]} 24. Rxd8+ {[%clk 0:54:53]} Kg7 {[%clk
1:00:28]} 25. Ra8 {[%clk 0:55:10]} Bxc4 {[%clk 0:59:18]} 26. Rxa5 {[%clk
0:55:14]} Bd3+ {[%clk 0:58:20]} 27. Ka1 {[%clk 0:46:32]} Bxh2 {[%clk 0:53:57]}
28. Nc5 {[%clk 0:38:42]} Bc4 {[%clk 0:47:44]} 29. Bxc4 {[%clk 0:34:49]} Rxc4
{[%clk 0:48:08]} 30. Kb1 {[%clk 0:35:17]} Bd6 {[%clk 0:46:27]} 31. Nd3 {[%clk
0:31:57]} Rh4 {[%clk 0:45:25]} 32. a4 {[%clk 0:26:32]} Rh2 {[%clk 0:42:52]} 33.
Rd5 {[%clk 0:22:31]} Rxg2 {[%clk 0:42:48]} 34. a5 {[%clk 0:22:54]} h5 {[%clk
0:41:49]} 35. a6 {[%clk 0:21:59]} h4 {[%clk 0:40:43]} 36. a7 {[%clk 0:04:10]} h3
{[%clk 0:41:05]} 37. a8Q {[%clk 0:02:11]} h2 {[%clk 0:41:28]} 38. Qa4 {[%clk
0:02:08]} h1Q+ {[%clk 0:41:16]} 39. Ka2 {[%clk 0:02:33]} Rg1 {[%clk 0:39:11]} 40.
Qd4+ {[%clk 0:30:48]} Kg8 {[%clk 1:08:26]} 41. Ne5 {[%clk 0:29:19]} Ra1+ {[%clk
1:04:06]} 42. Kb3 {[%clk 0:29:33]} Bxe5 {[%clk 1:03:10]} 43. Rd8+ {[%clk
0:23:10]} Kh7 {[%clk 1:03:17]} 44. Qxe5 {[%clk 0:23:32]} Qxf3+ {[%clk 1:03:31]}
45. Kb4 {[%clk 0:22:58]} Qb7+ {[%clk 1:00:14]} 46. Kc3 {[%clk 0:22:59]} Qc6+
{[%clk 0:59:52]} 47. Kd2 {[%clk 0:21:24]} Qc1+ {[%clk 0:59:56]} 0-1

[Event "Women's Baku Chess Olympiad"]
[Site "chess24.com"]
[Date "2016.09.08"]
[Round "6"]
[White "Ishizuka, Mirai"]
[Black "dos Ramos, Rosangela"]
[Result "0-1"]
[Board "1"]
[WhiteID "7001070"]
[WhiteElo "1778"]
[WhiteCountry "JPN"]
[WhiteFideId "7001070"]
[WhiteEloChange "-9"]
[BlackID "8200521"]
[BlackElo "1821"]
[BlackTitle "WFM"]
[BlackCountry "SUR"]
[BlackFideId "8200521"]
[BlackEloChange "9"]

1. e4 {[%clk 1:30:58]} g6 {[%clk 1:30:56]} 2. d4 {[%clk 1:30:35]} Bg7 {[%clk
1:31:17]} 3. Nf3 {[%clk 1:30:41]} d6 {[%clk 1:31:33]} 4. Be3 {[%clk 1:30:40]} a6
{[%clk 1:31:43]} 5. Nc3 {[%clk 1:29:30]} Nd7 {[%clk 1:31:47]} 6. Qd2 {[%clk
1:29:40]} b5 {[%clk 1:31:50]} 7. Bd3 {[%clk 1:28:30]} Bb7 {[%clk 1:31:40]} 8. h4
{[%clk 1:18:05]} h5 {[%clk 1:28:21]} 9. O-O-O {[%clk 1:10:39]} c5 {[%clk
1:16:59]} 10. dxc5 {[%clk 1:04:13]} Nxc5 {[%clk 1:15:16]} 11. Kb1 {[%clk
0:56:14]} Qc7 {[%clk 1:09:38]} 12. Ng5 {[%clk 0:52:38]} Nf6 {[%clk 0:59:21]} 13.
f3 {[%clk 0:49:50]} O-O {[%clk 0:56:21]} 14. Be2 {[%clk 0:49:33]} b4 {[%clk
0:51:19]} 15. Nd5 {[%clk 0:49:56]} Nxd5 {[%clk 0:48:17]} 16. exd5 {[%clk
0:50:15]} Na4 {[%clk 0:46:10]} 17. Bd4 {[%clk 0:49:15]} Bxd4 {[%clk 0:39:40]} 18.
Qxd4 {[%clk 0:49:39]} Rac8 {[%clk 0:39:48]} 19. Rd2 {[%clk 0:47:26]} Qa5 {[%clk
0:33:17]} 20. g4 {[%clk 0:39:43]} Nc3+ {[%clk 0:30:25]} 21. bxc3 {[%clk 0:32:02]}
bxc3 {[%clk 0:30:44]} 22. Ne4 {[%clk 0:20:46]} cxd2 {[%clk 0:24:49]} 23. Bc4
{[%clk 0:17:45]} Qb4+ {[%clk 0:23:55]} 24. Ka1 {[%clk 0:10:34]} Rxc4 {[%clk
0:17:07]} 25. Qe3 {[%clk 0:10:02]} Rxc2 {[%clk 0:16:22]} 26. Rb1 {[%clk 0:08:36]}
d1Q {[%clk 0:13:52]} 0-1

[Event "Women's Baku Chess Olympiad"]
[Site "chess24.com"]
[Date "2016.09.08"]
[Round "6"]
[White "Sakai, Azumi"]
[Black "Kaslan, Catherine"]
[Result "0-1"]
[Board "3"]
[WhiteID "7001800"]
[WhiteElo "1703"]
[WhiteCountry "JPN"]
[WhiteFideId "7001800"]
[WhiteEloChange "-11"]
[BlackID "8201390"]
[BlackElo "1665"]
[BlackTitle "WCM"]
[BlackCountry "SUR"]
[BlackFideId "8201390"]
[BlackEloChange "11"]

1. d4 {[%clk 1:30:56]} Nf6 {[%clk 1:30:17]} 2. c4 {[%clk 1:31:18]} e6 {[%clk
1:29:51]} 3. Nf3 {[%clk 1:30:26]} d5 {[%clk 1:28:11]} 4. e3 {[%clk 1:29:25]} Nbd7
{[%clk 1:27:15]} 5. b3 {[%clk 1:25:37]} c6 {[%clk 1:24:45]} 6. Nbd2 {[%clk
1:24:23]} Bd6 {[%clk 1:21:22]} 7. Bb2 {[%clk 1:24:37]} Qc7 {[%clk 1:19:59]} 8. c5
{[%clk 1:22:33]} Be7 {[%clk 1:20:02]} 9. Bd3 {[%clk 1:22:51]} b6 {[%clk 1:18:10]}
10. cxb6 {[%clk 1:19:21]} axb6 {[%clk 1:17:59]} 11. O-O {[%clk 1:15:47]} Ba6
{[%clk 1:15:52]} 12. Qc2 {[%clk 1:13:28]} O-O {[%clk 1:12:10]} 13. a3 {[%clk
1:10:25]} Bd6 {[%clk 1:07:21]} 14. b4 {[%clk 1:08:14]} Bxd3 {[%clk 1:04:17]} 15.
Qxd3 {[%clk 1:07:52]} Rfe8 {[%clk 0:55:48]} 16. Qc2 {[%clk 0:57:36]} e5 {[%clk
0:45:53]} 17. dxe5 {[%clk 0:54:27]} Nxe5 {[%clk 0:45:12]} 18. h3 {[%clk 0:52:29]}
Nxf3+ {[%clk 0:37:18]} 19. Nxf3 {[%clk 0:52:29]} Ne4 {[%clk 0:34:29]} 20. Nd4
{[%clk 0:49:41]} Be5 {[%clk 0:30:26]} 21. Rac1 {[%clk 0:45:55]} Nd6 {[%clk
0:27:58]} 22. Qxc6 {[%clk 0:27:50]} Qxc6 {[%clk 0:26:10]} 23. Rxc6 {[%clk
0:28:06]} Nc4 {[%clk 0:26:10]} 24. Bc1 {[%clk 0:28:07]} Bxd4 {[%clk 0:24:11]} 25.
exd4 {[%clk 0:27:52]} Re7 {[%clk 0:18:06]} 26. Rd1 {[%clk 0:24:19]} Kf8 {[%clk
0:15:57]} 27. Kf1 {[%clk 0:21:51]} Ke8 {[%clk 0:15:33]} 28. Rd3 {[%clk 0:17:58]}
Kd7 {[%clk 0:14:32]} 29. b5 {[%clk 0:16:41]} Ra5 {[%clk 0:13:02]} 30. Rb3 {[%clk
0:11:36]} Re4 {[%clk 0:08:03]} 31. Be3 {[%clk 0:05:54]} Rxb5 {[%clk 0:07:37]} 32.
Rxb5 {[%clk 0:04:19]} Kxc6 {[%clk 0:07:56]} 33. Rb3 {[%clk 0:04:14]} Rxe3 {[%clk
0:06:35]} 34. Rxe3 {[%clk 0:03:57]} Nxe3+ {[%clk 0:06:56]} 35. fxe3 {[%clk
0:04:23]} Kb5 {[%clk 0:07:11]} 36. Ke2 {[%clk 0:04:25]} f5 {[%clk 0:05:24]} 37.
g4 {[%clk 0:02:59]} g6 {[%clk 0:04:56]} 38. gxf5 {[%clk 0:01:49]} gxf5 {[%clk
0:05:06]} 39. Kf3 {[%clk 0:01:48]} Ka4 {[%clk 0:05:15]} 40. Kf4 {[%clk 0:32:06]}
Kxa3 {[%clk 0:35:04]} 41. Kxf5 {[%clk 0:31:43]} b5 {[%clk 0:34:03]} 42. e4 {[%clk
0:27:51]} b4 {[%clk 0:33:50]} 43. exd5 {[%clk 0:27:39]} b3 {[%clk 0:33:54]} 44.
d6 {[%clk 0:27:54]} b2 {[%clk 0:34:11]} 45. d7 {[%clk 0:28:11]} b1Q+ {[%clk
0:34:23]} 46. Ke6 {[%clk 0:28:18]} Qe4+ {[%clk 0:23:40]} 47. Kd6 {[%clk 0:27:53]}
Qxd4+ {[%clk 0:23:44]} 48. Kc7 {[%clk 0:23:42]} Qc5+ {[%clk 0:23:33]} 49. Kd8
{[%clk 0:23:51]} Kb4 {[%clk 0:23:08]} 50. h4 {[%clk 0:23:15]} Kb5 {[%clk
0:23:01]} 51. Ke8 {[%clk 0:23:10]} Qe5+ {[%clk 0:22:18]} 52. Kf7 {[%clk 0:20:42]}
Qd6 {[%clk 0:21:25]} 53. Ke8 {[%clk 0:20:47]} Qe6+ {[%clk 0:21:44]} 54. Kf8
{[%clk 0:19:03]} Qxd7 {[%clk 0:21:53]} 55. Kg8 {[%clk 0:17:50]} h5 {[%clk
0:21:47]} 0-1

[Event "Women's Baku Chess Olympiad"]
[Site "chess24.com"]
[Date "2016.09.08"]
[Round "6"]
[White "Jumba, Gloria"]
[Black "Shahudha, Mohammed"]
[Result "1-0"]
[Board "1"]
[WhiteID "10800794"]
[WhiteElo "1591"]
[WhiteCountry "KEN"]
[WhiteFideId "10800794"]
[WhiteEloChange "2"]
[BlackID "16700198"]
[BlackElo "1022"]
[BlackCountry "MDV"]
[BlackFideId "16700198"]
[BlackEloChange "-2"]

1. d4 {[%clk 1:30:54]} d5 {[%clk 1:30:48]} 2. Nf3 {[%clk 1:31:18]} Nc6 {[%clk
1:30:54]} 3. c4 {[%clk 1:26:39]} e6 {[%clk 1:31:08]} 4. e3 {[%clk 1:27:01]} Nf6
{[%clk 1:31:02]} 5. Bd3 {[%clk 1:27:15]} Be7 {[%clk 1:30:35]} 6. O-O {[%clk
1:27:36]} O-O {[%clk 1:31:00]} 7. Nc3 {[%clk 1:27:57]} a6 {[%clk 1:29:48]} 8. a3
{[%clk 1:27:56]} Bd7 {[%clk 1:27:16]} 9. Qc2 {[%clk 1:27:10]} g6 {[%clk 1:27:03]}
10. Bd2 {[%clk 1:23:22]} Rb8 {[%clk 1:24:45]} 11. c5 {[%clk 1:21:34]} Qc8 {[%clk
1:23:42]} 12. e4 {[%clk 1:18:49]} dxe4 {[%clk 1:21:57]} 13. Nxe4 {[%clk 1:19:12]}
Nxe4 {[%clk 1:22:15]} 14. Bxe4 {[%clk 1:19:38]} Bf6 {[%clk 1:20:23]} 15. Bc3
{[%clk 1:20:02]} Qe8 {[%clk 1:18:24]} 16. Qe2 {[%clk 1:17:40]} e5 {[%clk
1:16:32]} 17. Bxc6 {[%clk 1:07:50]} Bxc6 {[%clk 1:15:31]} 18. dxe5 {[%clk
1:06:47]} Rd8 {[%clk 1:10:26]} 19. Rfe1 {[%clk 1:05:35]} Bg7 {[%clk 1:09:27]} 20.
Qe3 {[%clk 1:04:12]} Qe6 {[%clk 1:07:12]} 21. Nd4 {[%clk 0:58:37]} Qd5 {[%clk
1:04:20]} 22. Nxc6 {[%clk 0:58:22]} Qxc6 {[%clk 1:03:17]} 23. Rad1 {[%clk
0:53:26]} Rd5 {[%clk 0:59:37]} 24. f4 {[%clk 0:47:39]} Rfd8 {[%clk 0:58:53]} 25.
Rxd5 {[%clk 0:47:49]} Rxd5 {[%clk 0:58:21]} 26. b4 {[%clk 0:47:10]} Qd7 {[%clk
0:48:17]} 27. e6 {[%clk 0:44:53]} fxe6 {[%clk 0:47:45]} 28. Bxg7 {[%clk 0:45:10]}
Kxg7 {[%clk 0:47:40]} 29. Qxe6 {[%clk 0:45:34]} Qxe6 {[%clk 0:45:38]} 30. Rxe6
{[%clk 0:46:00]} Rd7 {[%clk 0:44:58]} 31. Kf2 {[%clk 0:43:28]} Kf7 {[%clk
0:44:38]} 32. Re3 {[%clk 0:43:22]} b6 {[%clk 0:44:32]} 33. cxb6 {[%clk 0:43:22]}
c6 {[%clk 0:44:32]} 34. Rc3 {[%clk 0:41:52]} a5 {[%clk 0:40:26]} 35. bxa5 {[%clk
0:41:27]} Rd2+ {[%clk 0:39:20]} 36. Kf3 {[%clk 0:41:38]} Rb2 {[%clk 0:38:33]} 37.
Rxc6 {[%clk 0:41:51]} Rb3+ {[%clk 0:38:48]} 38. Ke4 {[%clk 0:42:10]} Rxa3 {[%clk
0:39:10]} 39. b7 {[%clk 0:42:29]} Rb3 {[%clk 0:38:50]} 40. Rb6 {[%clk 0:42:46]}
Rxb6 {[%clk 0:37:38]} 41. axb6 {[%clk 1:13:13]} Ke6 {[%clk 1:07:37]} 42. b8Q
{[%clk 1:13:39]} h5 {[%clk 1:07:43]} 43. Qe5+ {[%clk 1:14:02]} Kf7 {[%clk
1:08:00]} 44. b7 {[%clk 1:14:29]} Kg8 {[%clk 1:08:02]} 45. b8Q+ {[%clk 1:14:35]}
Kh7 {[%clk 1:08:13]} 46. Qbh8# {[%clk 1:14:56]} 1-0